[Event "17. Open de Sants Hostafrancs 2015"]
[Site "Barcelona ESP"]
[Date "2015.08.29"]
[Round "9.46"]
[White "Dominguez Rueda, Juan"]
[Black "Vidarte Morales, Arturo"]
[Result "0-1"]
[WhiteElo "2104"]
[BlackElo "2304"]
[PlyCount "90"]
[EventDate "2015.08.21"]
[EventType "swiss"]
[EventRounds "10"]
[EventCountry "ESP"]
[SourceTitle "Ajedrez en Madrid"]
[Source "lmi"]
[SourceDate "2015.08.21"]

1. e4 c5 2. Nf3 e6 3. d4 cxd4 4. Nxd4 a6 5. Bd3 Bc5 6. Nb3 Be7 7. O-O d6 8. f4
Qc7 9. Be3 Nf6 10. N1d2 Nbd7 11. Qf3 b6 12. Kh1 Bb7 13. Bg1 h5 14. Qe2 h4 15.
h3 e5 16. Bh2 Nh5 17. fxe5 Nxe5 18. Nc4 Bf6 19. Ne3 Ng3+ 20. Bxg3 hxg3 21. Nd5
Bxd5 22. exd5 b5 23. a4 bxa4 24. Rxa4 a5 25. Nd4 Rh4 26. Rxf6 Rxd4 27. Rxd4
gxf6 28. Rh4 Ke7 29. Rg4 Qb6 30. b3 Qf2 31. Qxf2 gxf2 32. Rf4 Nxd3 33. cxd3 Rb8
34. Rxf2 Rxb3 35. Rd2 f5 36. Rf2 a4 37. d4 a3 38. Ra2 f4 39. Ra1 Kf6 40. Kg1
Kf5 41. Kf2 Ke4 42. Re1+ Kxd4 43. h4 a2 44. Ra1 Ra3 45. h5 Kc3 0-1

[Event "17. Open de Sants Hostafrancs 2015"]
[Site "Barcelona ESP"]
[Date "2015.08.29"]
[Round "9.47"]
[White "Cervello Tost, Ferran"]
[Black "Gertosio, Franck"]
[Result "1-0"]
[WhiteElo "2303"]
[BlackElo "2198"]
[PlyCount "51"]
[EventDate "2015.08.21"]
[EventType "swiss"]
[EventRounds "10"]
[EventCountry "ESP"]
[SourceTitle "Ajedrez en Madrid"]
[Source "lmi"]
[SourceDate "2015.08.21"]

1. Nf3 d6 2. d4 f5 3. g3 Nf6 4. Bg2 g6 5. O-O Bg7 6. c4 O-O 7. Nc3 Nc6 8. d5
Ne5 9. Nxe5 dxe5 10. e4 f4 11. b3 g5 12. Ba3 a5 13. c5 Ra6 14. d6 Kh8 15. dxe7
Qxe7 16. Nd5 Nxd5 17. exd5 Rh6 18. d6 cxd6 19. cxd6 Qd7 20. Re1 e4 21. Rxe4 Qf5
22. g4 Qxg4 23. Qxg4 Bxg4 24. d7 Rg8 25. Rd1 Bf6 26. Re8 1-0

[Event "17. Open de Sants Hostafrancs 2015"]
[Site "Barcelona ESP"]
[Date "2015.08.29"]
[Round "9.48"]
[White "Pogorelov, Ruslan"]
[Black "Ramirez Carrizo, Victor Jose"]
[Result "1-0"]
[WhiteElo "2302"]
[BlackElo "2122"]
[PlyCount "83"]
[EventDate "2015.08.21"]
[EventType "swiss"]
[EventRounds "10"]
[EventCountry "ESP"]
[SourceTitle "Ajedrez en Madrid"]
[Source "lmi"]
[SourceDate "2015.08.21"]

1. Nf3 d5 2. d4 e6 3. c4 c5 4. cxd5 exd5 5. g3 Nc6 6. Bg2 Nf6 7. O-O Be7 8. Nc3
O-O 9. dxc5 Bxc5 10. Bg5 d4 11. Bxf6 Qxf6 12. Nd5 Qd8 13. Nd2 Re8 14. Rc1 Bf8
15. Nf4 Bg4 16. Bf3 Bxf3 17. Nxf3 Bd6 18. Nd3 Rc8 19. a3 Bb8 20. b4 Qd5 21. Qc2
Bd6 22. Qb2 Ne5 23. Nfxe5 Bxe5 24. Rxc8 Rxc8 25. Nxe5 Qxe5 26. Rd1 g6 27. Rxd4
Kg7 28. Qd2 Rc2 29. Qxc2 Qxd4 30. Qb3 h5 31. h4 Qa1+ 32. Kg2 Qe5 33. Qd3 Kh7
34. e3 Qe6 35. Qd4 Qc6+ 36. e4 Qa6 37. Qd7 Kg8 38. a4 Kg7 39. Qb5 Qxb5 40. axb5
Kf6 41. Kf3 Ke6 42. Kf4 1-0

[Event "17. Open de Sants Hostafrancs 2015"]
[Site "Barcelona ESP"]
[Date "2015.08.29"]
[Round "9.49"]
[White "Santarius, Erik F"]
[Black "Porta Tovar, Guillem"]
[Result "1-0"]
[WhiteElo "2302"]
[BlackElo "2095"]
[PlyCount "103"]
[EventDate "2015.08.21"]
[EventType "swiss"]
[EventRounds "10"]
[EventCountry "ESP"]
[SourceTitle "Ajedrez en Madrid"]
[Source "lmi"]
[SourceDate "2015.08.21"]

1. d4 Nf6 2. Nf3 g6 3. c4 Bg7 4. Nc3 O-O 5. e4 d6 6. Be2 Nbd7 7. O-O c5 8. Re1
Ne8 9. Be3 Nc7 10. Qd2 e5 11. dxc5 dxc5 12. Nd5 Ne6 13. b4 b6 14. a4 Bb7 15. b5
Nd4 16. Ra3 Nf6 17. Qd3 Qd6 18. Nd2 Rac8 19. Rea1 Nd7 20. a5 f5 21. f3 Rf7 22.
axb6 axb6 23. Ra7 Nf8 24. Bf1 Nfe6 25. g3 h5 26. Bg2 f4 27. Bf2 g5 28. g4 h4
29. R1a2 Rb8 30. Bf1 Bf6 31. Nb1 Bd8 32. Nbc3 Kg7 33. Be2 Nb3 34. R2a3 Nbd4 35.
Ra2 Nb3 36. Nxf4 Qxd3 37. Nxe6+ Kf6 38. Bxd3 Kxe6 39. Be2 Nc1 40. R2a3 Nxe2+
41. Nxe2 Rd7 42. Be3 Rd1+ 43. Kf2 Rh1 44. h3 Be7 45. Ra1 Rh2+ 46. Kf1 Rf8 47.
Bg1 Rxf3+ 48. Ke1 Rxe2+ 49. Kxe2 Bxe4 50. R1a6 Bd8 51. Bxc5 Rxh3 52. Bxb6 1-0

[Event "17. Open de Sants Hostafrancs 2015"]
[Site "Barcelona ESP"]
[Date "2015.08.29"]
[Round "9.50"]
[White "Capellades Subirana, Marc"]
[Black "Pile, Richard"]
[Result "1/2-1/2"]
[WhiteElo "2199"]
[BlackElo "2419"]
[PlyCount "129"]
[EventDate "2015.08.21"]
[EventType "swiss"]
[EventRounds "10"]
[EventCountry "ESP"]
[SourceTitle "Ajedrez en Madrid"]
[Source "lmi"]
[SourceDate "2015.08.21"]

1. e4 c5 2. Nf3 e6 3. d4 cxd4 4. Nxd4 Nc6 5. Nc3 Qc7 6. Nxc6 bxc6 7. Bd3 Nf6 8.
Qe2 d5 9. O-O Be7 10. e5 Nd7 11. Re1 Nc5 12. Qg4 Kf8 13. Bf1 Rb8 14. a3 a5 15.
b3 h5 16. Qf3 Nd7 17. h3 Nxe5 18. Rxe5 Qxe5 19. Bf4 Qf6 20. Bxb8 Qxf3 21. gxf3
Bf6 22. Bd6+ Ke8 23. b4 Bxc3 24. Rd1 Kd7 25. Bc5 axb4 26. axb4 Bb7 27. Rd3 Be5
28. Ra3 Ra8 29. Rxa8 Bxa8 30. Be2 Bb7 31. f4 Bxf4 32. Bxh5 g6 33. Be2 Kc7 34.
h4 Bh6 35. h5 g5 36. Kg2 f5 37. Bd4 Kd6 38. Bc5+ Kd7 39. Bd4 Kd6 40. Bc5+ Ke5
41. Be7 Bc8 42. c3 Bd7 43. f3 Be8 44. Kf2 f4 45. Bd3 Bxh5 46. Bc2 g4 47. fxg4
Bxg4 48. Ba4 Ke4 49. Bc2+ Ke5 50. Ba4 f3 51. Bxc6 Ke4 52. Bc5 Bd2 53. c4 Bg5
54. cxd5 Bh4+ 55. Kg1 exd5 56. Bf2 Bxf2+ 57. Kxf2 Kd4 58. b5 Kc5 59. Kg3 Bh5
60. Kf2 d4 61. Bxf3 Bxf3 62. Kxf3 d3 63. b6 d2 64. Ke2 Kxb6 65. Kxd2 1/2-1/2

[Event "17. Open de Sants Hostafrancs 2015"]
[Site "Barcelona ESP"]
[Date "2015.08.29"]
[Round "9.51"]
[White "Roser, Kevin"]
[Black "Steponavicius, Stasys"]
[Result "1/2-1/2"]
[WhiteElo "2404"]
[BlackElo "2180"]
[PlyCount "107"]
[EventDate "2015.08.21"]
[EventType "swiss"]
[EventRounds "10"]
[EventCountry "ESP"]
[SourceTitle "Ajedrez en Madrid"]
[Source "lmi"]
[SourceDate "2015.08.21"]

1. e4 c5 2. Nf3 Nc6 3. d4 cxd4 4. Nxd4 Nf6 5. Nc3 e5 6. Ndb5 d6 7. Bg5 a6 8.
Na3 Be6 9. Nc4 Rc8 10. Nd5 Bxd5 11. Bxf6 gxf6 12. Qxd5 Nd4 13. O-O-O Qc7 14. c3
b5 15. cxd4 bxc4 16. Kc2 Qc6 17. Qxc6+ Rxc6 18. Kc3 exd4+ 19. Rxd4 f5 20. Rxc4
Bg7+ 21. Kc2 Rxc4+ 22. Bxc4 fxe4 23. Re1 f5 24. f3 a5 25. fxe4 fxe4 26. Rxe4+
Be5 27. Be2 O-O 28. Bc4+ Kh8 29. h3 Rf2+ 30. Re2 Rxe2+ 31. Bxe2 Kg7 32. a3 Kf6
33. b4 axb4 34. axb4 d5 35. Kb3 Bd6 36. Bf3 Ke5 37. Kc3 Bc7 38. Bd1 Bb6 39. Kd3
Kf4 40. Bb3 d4 41. Bd1 Kg3 42. Bf3 h5 43. Bxh5 Kxg2 44. Bg4 Kg3 45. Ke4 Kh4 46.
b5 Ba7 47. Bf5 Bb6 48. Kd3 Ba7 49. Kc4 Bb6 50. Kd5 d3 51. Bxd3 Kxh3 52. Kc6 Bg1
53. b6 Bxb6 54. Kxb6 1/2-1/2

[Event "17. Open de Sants Hostafrancs 2015"]
[Site "Barcelona ESP"]
[Date "2015.08.29"]
[Round "9.52"]
[White "Zude, Erik"]
[Black "Garcia Ramos, Daniel"]
[Result "1-0"]
[WhiteElo "2398"]
[BlackElo "2176"]
[PlyCount "107"]
[EventDate "2015.08.21"]
[EventType "swiss"]
[EventRounds "10"]
[EventCountry "ESP"]
[SourceTitle "Ajedrez en Madrid"]
[Source "lmi"]
[SourceDate "2015.08.21"]

1. Nf3 Nf6 2. c4 e6 3. g3 d5 4. Bg2 c5 5. O-O Nc6 6. cxd5 exd5 7. d4 h6 8. Nc3
Be6 9. Bf4 Rc8 10. Rc1 b6 11. a3 Be7 12. dxc5 bxc5 13. Ne5 Nxe5 14. Bxe5 d4 15.
Na4 Bd6 16. Bxd6 Qxd6 17. e3 O-O 18. Qd3 Rfd8 19. exd4 cxd4 20. b4 Ng4 21. Nc5
Ne5 22. Qe4 Bd5 23. Qxd4 Bxg2 24. Qxd6 Rxd6 25. Kxg2 Rd2 26. Rfe1 f6 27. h3
Rcd8 28. Kf1 Ra2 29. Ra1 Rc2 30. Rec1 Rb2 31. Rd1 Re8 32. Rac1 Re7 33. Rc3 h5
34. Nd3 Nxd3 35. Rdxd3 Kf7 36. h4 Rbe2 37. Re3 R2xe3 38. Rxe3 Rc7 39. Kg2 g5
40. hxg5 fxg5 41. Re5 Kf6 42. Ra5 Rb7 43. Ra6+ Kg7 44. Rc6 Rd7 45. b5 Rb7 46.
a4 Kh7 47. Rc4 Kg6 48. Rb4 a6 49. b6 a5 50. Rb5 Kf6 51. f3 Kg6 52. Kh3 Kf6 53.
g4 h4 54. f4 1-0

[Event "17. Open de Sants Hostafrancs 2015"]
[Site "Barcelona ESP"]
[Date "2015.08.29"]
[Round "9.53"]
[White "Forgues, Fabien"]
[Black "Majdan-Gajewska, Joanna"]
[Result "1/2-1/2"]
[WhiteElo "2187"]
[BlackElo "2391"]
[PlyCount "48"]
[EventDate "2015.08.21"]
[EventType "swiss"]
[EventRounds "10"]
[EventCountry "ESP"]
[SourceTitle "Ajedrez en Madrid"]
[Source "lmi"]
[SourceDate "2015.08.21"]

1. e4 c5 2. Nf3 Nc6 3. d4 cxd4 4. Nxd4 Nf6 5. Nc3 d6 6. Bg5 e6 7. Qd2 a6 8.
O-O-O Bd7 9. f3 Rc8 10. Nxc6 Bxc6 11. Kb1 Qc7 12. Bd3 Be7 13. h4 h6 14. Be3 Nd7
15. g4 Ne5 16. Be2 b5 17. f4 Nc4 18. Bxc4 bxc4 19. g5 Qb7 20. Qd4 Bf8 21. Ka1
Rb8 22. Bc1 Rc8 23. Be3 Rb8 24. Bc1 Rc8 1/2-1/2

[Event "17. Open de Sants Hostafrancs 2015"]
[Site "Barcelona ESP"]
[Date "2015.08.29"]
[Round "9.54"]
[White "Castrillon Gomez, Melissa"]
[Black "Colon Garcia, Enrique"]
[Result "0-1"]
[WhiteElo "2183"]
[BlackElo "2328"]
[PlyCount "88"]
[EventDate "2015.08.21"]
[EventType "swiss"]
[EventRounds "10"]
[EventCountry "ESP"]
[SourceTitle "Ajedrez en Madrid"]
[Source "lmi"]
[SourceDate "2015.08.21"]

1. e4 c5 2. Nf3 Nc6 3. Bb5 d6 4. d4 cxd4 5. Qxd4 Bd7 6. Bxc6 Bxc6 7. Nc3 e5 8.
Qd3 h6 9. Nd2 Nf6 10. Nc4 b5 11. Ne3 Rb8 12. O-O b4 13. Ncd5 Nxd5 14. exd5 Bb5
15. Nc4 Be7 16. b3 O-O 17. Bb2 f5 18. c3 e4 19. Qc2 bxc3 20. Bxc3 Bxc4 21. bxc4
Qc7 22. Bd4 Rb4 23. Rfc1 Rc8 24. g3 a5 25. Be3 Rxc4 26. Qe2 Bf6 27. Rab1 Be5
28. Bd2 a4 29. Qh5 Rf8 30. Qg6 Rxc1+ 31. Rxc1 Qf7 32. Qxf7+ Rxf7 33. Rc4 Ra7
34. h3 Kf7 35. Kf1 Kf6 36. Ke2 g5 37. g4 a3 38. Rc8 Rb7 39. Rf8+ Kg7 40. Ra8
Rb2 41. Kd1 Rxa2 42. Bc1 Rxf2 43. Bxa3 e3 44. Bb4 Rb2 0-1

[Event "17. Open de Sants Hostafrancs 2015"]
[Site "Barcelona ESP"]
[Date "2015.08.29"]
[Round "9.55"]
[White "Lemeaux, David"]
[Black "Malassagne, Isabelle"]
[Result "0-1"]
[WhiteElo "2324"]
[BlackElo "2171"]
[PlyCount "92"]
[EventDate "2015.08.21"]
[EventType "swiss"]
[EventRounds "10"]
[EventCountry "ESP"]
[SourceTitle "Ajedrez en Madrid"]
[Source "lmi"]
[SourceDate "2015.08.21"]

1. d4 Nf6 2. c4 c5 3. d5 b5 4. Qc2 bxc4 5. e4 e6 6. Nc3 Bb7 7. Bxc4 exd5 8.
exd5 d6 9. Nf3 Be7 10. O-O Nbd7 11. Bf4 O-O 12. Rad1 Nb6 13. b3 Ne8 14. Rfe1
Nc7 15. h4 Re8 16. Ng5 Bxg5 17. Rxe8+ Qxe8 18. hxg5 Qd7 19. Qd3 Rd8 20. Qg3 Qe7
21. f3 Nxc4 22. bxc4 Ba6 23. Ne4 Ne8 24. Re1 Qf8 25. Rc1 f5 26. gxf6 Nxf6 27.
Bg5 Nxe4 28. fxe4 Rd7 29. e5 dxe5 30. Qxe5 Rf7 31. d6 Bb7 32. Rc2 Qc8 33. Rd2
Qd7 34. Qxc5 Bc6 35. Be3 Qb7 36. Qg5 h6 37. Qg3 Qb1+ 38. Kh2 Rf1 39. Qe5 Rh1+
40. Kg3 Qg6+ 41. Bg5 Rh5 42. Qd4 Rxg5+ 43. Kf2 Rxg2+ 44. Kf1 Qb1+ 45. Rd1 Qf5+
46. Ke1 Qe6+ 0-1

[Event "17. Open de Sants Hostafrancs 2015"]
[Site "Barcelona ESP"]
[Date "2015.08.29"]
[Round "9.56"]
[White "Locatelli, Andrea"]
[Black "Paramzina, Anastasya"]
[Result "1-0"]
[WhiteElo "2171"]
[BlackElo "2303"]
[PlyCount "39"]
[EventDate "2015.08.21"]
[EventType "swiss"]
[EventRounds "10"]
[EventCountry "ESP"]
[SourceTitle "Ajedrez en Madrid"]
[Source "lmi"]
[SourceDate "2015.08.21"]

1. e4 c5 2. Nf3 d6 3. d4 cxd4 4. Nxd4 Nf6 5. Nc3 a6 6. Bc4 e6 7. Bb3 Nbd7 8. f4
Nc5 9. f5 Nxb3 10. axb3 e5 11. Nde2 h6 12. Be3 Bd7 13. Ng3 Bc6 14. Nh5 Nxe4 15.
Nxe4 Qh4+ 16. Nf2 Bxg2 17. Ra4 e4 18. Rg1 Qxh2 19. Ng4 Qxh5 20. Nf6+ 1-0

[Event "17. Open de Sants Hostafrancs 2015"]
[Site "Barcelona ESP"]
[Date "2015.08.29"]
[Round "9.57"]
[White "Fernandez Madrid, Carlos"]
[Black "Faerman, Igor"]
[Result "1-0"]
[WhiteElo "2168"]
[BlackElo "2297"]
[PlyCount "75"]
[EventDate "2015.08.21"]
[EventType "swiss"]
[EventRounds "10"]
[EventCountry "ESP"]
[SourceTitle "Ajedrez en Madrid"]
[Source "lmi"]
[SourceDate "2015.08.21"]

1. c4 Nf6 2. g3 g6 3. Bg2 Bg7 4. Nc3 c5 5. Nf3 O-O 6. O-O Nc6 7. d4 cxd4 8.
Nxd4 Ng4 9. Nb3 d6 10. c5 dxc5 11. Qxd8 Rxd8 12. Nxc5 Nge5 13. Bf4 Nc4 14. Nd5
Bxb2 15. Rab1 e6 16. Nc7 Rb8 17. Nd3 e5 18. Bg5 Rd7 19. Nd5 e4 20. Bxe4 Bg7 21.
Rfc1 b5 22. Nc5 Rd6 23. Ne7+ Nxe7 24. Bxe7 Rdb6 25. Bd8 Nd2 26. Bxb6 axb6 27.
Rxb5 Nxe4 28. Nxe4 Ba6 29. Rb3 Bxe2 30. Nd6 Bf8 31. Rc6 b5 32. Re3 Bg4 33. Re8
Rxe8 34. Nxe8 Be6 35. Ra6 h5 36. Ra8 b4 37. h4 Bd5 38. Nf6+ 1-0

[Event "17. Open de Sants Hostafrancs 2015"]
[Site "Barcelona ESP"]
[Date "2015.08.29"]
[Round "9.58"]
[White "Sorroche Martin, Jose Maria"]
[Black "Aranaz Murillo, Amalia"]
[Result "1-0"]
[WhiteElo "2164"]
[BlackElo "2287"]
[PlyCount "99"]
[EventDate "2015.08.21"]
[EventType "swiss"]
[EventRounds "10"]
[EventCountry "ESP"]
[SourceTitle "Ajedrez en Madrid"]
[Source "lmi"]
[SourceDate "2015.08.21"]

1. d4 Nf6 2. c4 c5 3. d5 b5 4. cxb5 a6 5. bxa6 d6 6. Nc3 g6 7. Nf3 Bg7 8. g3
Bxa6 9. Bg2 Nfd7 10. O-O Nb6 11. Re1 N8d7 12. e4 O-O 13. Bf1 Qc8 14. Qc2 Bxf1
15. Rxf1 Nc4 16. a4 Nce5 17. Ne1 Qa6 18. b3 Rab8 19. Rb1 Ng4 20. Nb5 Rfc8 21.
h3 Ngf6 22. Be3 Ne8 23. Nd3 Ndf6 24. Nb2 Nc7 25. Na3 Nd7 26. Nbc4 Nb6 27. Nxb6
Rxb6 28. Nc4 Rbb8 29. Rfd1 Na8 30. Bd2 Bd4 31. Bc3 Bxc3 32. Qxc3 Rb4 33. Re1
Nb6 34. Na3 Qa5 35. Re3 Ra8 36. Qe1 Qa7 37. Nc2 Rd4 38. Nxd4 cxd4 39. Rd3 Nd7
40. Kg2 e5 41. dxe6 fxe6 42. Qb4 e5 43. Qxd6 Rf8 44. Rc1 Qb7 45. f3 Rf6 46. Qc7
Qa6 47. Qc8+ Qxc8 48. Rxc8+ Kf7 49. f4 exf4 50. gxf4 1-0

[Event "17. Open de Sants Hostafrancs 2015"]
[Site "Barcelona ESP"]
[Date "2015.08.29"]
[Round "9.59"]
[White "Apap, Hugo"]
[Black "Mateus, Alejandro"]
[Result "0-1"]
[WhiteElo "2152"]
[BlackElo "2283"]
[PlyCount "68"]
[EventDate "2015.08.21"]
[EventType "swiss"]
[EventRounds "10"]
[EventCountry "ESP"]
[SourceTitle "Ajedrez en Madrid"]
[Source "lmi"]
[SourceDate "2015.08.21"]

1. d4 d5 2. c4 c6 3. Nf3 Nf6 4. Nc3 e6 5. e3 Nbd7 6. Qc2 Bd6 7. b3 Qe7 8. Be2
O-O 9. O-O dxc4 10. bxc4 e5 11. Re1 Re8 12. Bb2 Ng4 13. h3 Ngf6 14. Bf1 e4 15.
Nd2 Nf8 16. g3 h5 17. Bg2 Bf5 18. f4 Qe6 19. Kh2 N8h7 20. Qb3 Rad8 21. Ba3 Bb8
22. h4 Qd7 23. Rab1 b6 24. Rbd1 Bg4 25. Rc1 Bf3 26. Nd1 Ng4+ 27. Kg1 Bxg2 28.
Kxg2 Kh8 29. Qc2 Nhf6 30. Nc3 Qf5 31. Nb3 Qg6 32. c5 Nh6 33. Qf2 Nf5 34. Kf1
Nxg3+ 0-1

[Event "17. Open de Sants Hostafrancs 2015"]
[Site "Barcelona ESP"]
[Date "2015.08.29"]
[Round "9.60"]
[White "Guerrero Sierra, Juan Carlos"]
[Black "Duff, Rufus"]
[Result "1-0"]
[WhiteElo "2275"]
[BlackElo "2133"]
[PlyCount "57"]
[EventDate "2015.08.21"]
[EventType "swiss"]
[EventRounds "10"]
[EventCountry "ESP"]
[SourceTitle "Ajedrez en Madrid"]
[Source "lmi"]
[SourceDate "2015.08.21"]

1. e4 e5 2. Nf3 Nc6 3. Bb5 Nge7 4. O-O g6 5. c3 Bg7 6. d4 exd4 7. cxd4 d5 8.
exd5 Nxd5 9. Re1+ Be6 10. Ne5 O-O 11. Nxc6 bxc6 12. Bxc6 Rb8 13. Nc3 Nb4 14.
Be4 Bxd4 15. a3 Na6 16. Qe2 Nc5 17. Bh6 Nxe4 18. Nxe4 Rxb2 19. Qf3 Rb3 20. Qd1
Bg7 21. Qc1 Qd4 22. Bxg7 Kxg7 23. Qxc7 Rc8 24. Qe7 h6 25. Rad1 Qb6 26. Qf6+ Kh7
27. Nd6 Rc7 28. Ne8 Rc8 29. Qg7# 1-0

[Event "17. Open de Sants Hostafrancs 2015"]
[Site "Barcelona ESP"]
[Date "2015.08.29"]
[Round "9.61"]
[White "Sanz Rodero, Mikel"]
[Black "Garcia Trobat, Francisco"]
[Result "1/2-1/2"]
[WhiteElo "2150"]
[BlackElo "2273"]
[PlyCount "150"]
[EventDate "2015.08.21"]
[EventType "swiss"]
[EventRounds "10"]
[EventCountry "ESP"]
[SourceTitle "Ajedrez en Madrid"]
[Source "lmi"]
[SourceDate "2015.08.21"]

1. e4 c5 2. c3 Nf6 3. e5 Nd5 4. d4 cxd4 5. Nf3 Nc6 6. cxd4 g6 7. Ng5 Qa5+ 8.
Bd2 Qb6 9. Qf3 Qxd4 10. Qxf7+ Kd8 11. Nc3 Ndb4 12. O-O-O Nxe5 13. Qb3 Nbd3+ 14.
Bxd3 Nxd3+ 15. Kb1 Nc5 16. Qb5 Qd3+ 17. Qxd3 Nxd3 18. Be3 d6 19. Nf7+ Ke8 20.
Nxh8 Nb4 21. a3 Bf5+ 22. Ka1 Nc2+ 23. Ka2 Nxe3 24. fxe3 Bg7 25. Nxg6 hxg6 26.
Rhg1 Rc8 27. Rc1 Be6+ 28. Ka1 Rc5 29. e4 Rh5 30. Nd5 Bxd5 31. exd5 Rxd5 32. Rc2
Rd3 33. Kb1 Be5 34. g3 Kd7 35. Re1 Rd5 36. Re4 g5 37. Rg4 Bf6 38. Rgc4 Rb5 39.
a4 Rb6 40. Ka2 d5 41. Rg4 d4 42. h4 e5 43. hxg5 Bg7 44. g6 d3 45. Rd2 Rd6 46.
Re4 Bh6 47. Rd1 Ke6 48. g4 d2 49. g5 Bxg5 50. g7 Rd8 51. Rg4 Kf5 52. Rxd2 Rg8
53. Rdg2 Rxg7 54. Rb4 e4 55. Rb5+ Kf4 56. Kb3 e3 57. Kc2 Rc7+ 58. Kd1 Rd7+ 59.
Kc2 Bh4 60. Rb4+ Kf3 61. Rg8 e2 62. Rf8+ Kg2 63. Rg4+ Kh3 64. Rxh4+ Kxh4 65.
Re8 Rc7+ 66. Kb3 Kg5 67. Rxe2 Kf6 68. Re3 Rh7 69. Re1 Rh5 70. Kc4 Re5 71. Rd1
Ke7 72. b4 Re4+ 73. Kb3 Re6 74. b5 Re3+ 75. Kb4 Re4+ 1/2-1/2

[Event "17. Open de Sants Hostafrancs 2015"]
[Site "Barcelona ESP"]
[Date "2015.08.29"]
[Round "9.62"]
[White "Chalmeta Ugas, Ramon"]
[Black "Tuchenhagen, Axel"]
[Result "1/2-1/2"]
[WhiteElo "2271"]
[BlackElo "2116"]
[PlyCount "71"]
[EventDate "2015.08.21"]
[EventType "swiss"]
[EventRounds "10"]
[EventCountry "ESP"]
[SourceTitle "Ajedrez en Madrid"]
[Source "lmi"]
[SourceDate "2015.08.21"]

1. e4 e5 2. Nf3 Nc6 3. d4 exd4 4. Nxd4 Nf6 5. Nxc6 bxc6 6. e5 Qe7 7. Qe2 Nd5 8.
c4 Nb6 9. g3 Bb7 10. Bg2 O-O-O 11. O-O Re8 12. Re1 f6 13. Bd2 Qc5 14. b3 Rxe5
15. Be3 Qa5 16. a3 Bc5 17. Nd2 Bxe3 18. fxe3 c5 19. Bxb7+ Kxb7 20. Qd3 Rhe8 21.
Nf1 g6 22. Reb1 Qa6 23. Qc3 Ka8 24. a4 d6 25. Rb2 Nd7 26. a5 Nb8 27. Qd2 Qc6
28. a6 Nd7 29. Qa5 Rb8 30. Qc3 Rb6 31. Rba2 Nb8 32. Nd2 Rxa6 33. Ra5 Rxa5 34.
Rxa5 Na6 35. Qa1 Kb7 36. Nf1 1/2-1/2

[Event "17. Open de Sants Hostafrancs 2015"]
[Site "Barcelona ESP"]
[Date "2015.08.29"]
[Round "9.64"]
[White "Martinez Lopez, Ivan"]
[Black "Guennoun, Anthony"]
[Result "1/2-1/2"]
[WhiteElo "2267"]
[BlackElo "2086"]
[PlyCount "144"]
[EventDate "2015.08.21"]
[EventType "swiss"]
[EventRounds "10"]
[EventCountry "ESP"]
[SourceTitle "Ajedrez en Madrid"]
[Source "lmi"]
[SourceDate "2015.08.21"]

1. c4 c6 2. g3 Nf6 3. Bg2 d5 4. Nf3 Bf5 5. O-O e6 6. b3 h6 7. Bb2 a5 8. a3 Nbd7
9. d3 Be7 10. Nbd2 O-O 11. Rc1 Qb6 12. Qc2 Rfe8 13. Qb1 Bf8 14. Qa1 Rad8 15. h3
Bh7 16. Rfe1 Bc5 17. d4 Be7 18. Bc3 Ne4 19. Nxe4 Bxe4 20. c5 Qa7 21. Qb2 Bf6
22. b4 b6 23. cxb6 Nxb6 24. Nd2 Na4 25. Qb3 Nxc3 26. Rxc3 Bxd4 27. Nxe4 dxe4
28. e3 Bxc3 29. Qxc3 axb4 30. axb4 Rc8 31. Bxe4 c5 32. b5 Qb6 33. Qc4 Red8 34.
Rc1 Rd6 35. Kg2 Rd2 36. Bc6 Rxc6 37. bxc6 Qxc6+ 38. e4 Qb7 39. Qxc5 Qxe4+ 40.
Kg1 Qf3 41. h4 f5 42. Qb6 Kh7 43. Re1 h5 44. Qe3 Qxe3 45. Rxe3 Rd6 46. f4 Kg6
47. Kf2 Rd2+ 48. Kf3 Kf6 49. Ra3 Rb2 50. Rc3 g6 51. Ra3 Ke7 52. Ra7+ Kf6 53.
Ra3 Rb6 54. Rc3 Ke7 55. Rd3 Rb5 56. Ra3 Rd5 57. Ra7+ Rd7 58. Ra3 Kd6 59. Ra6+
Kd5 60. Ra5+ Kd6 61. Ra6+ Ke7 62. Ra3 Rc7 63. Rd3 Rc5 64. Ra3 Rd5 65. Ra7+ Rd7
66. Ra3 Kf6 67. Rb3 Rc7 68. Ra3 Rc6 69. Re3 Rd6 70. Kf2 Rd4 71. Kf3 Ke7 72. Ra3
Rd7 1/2-1/2

[Event "17. Open de Sants Hostafrancs 2015"]
[Site "Barcelona ESP"]
[Date "2015.08.29"]
[Round "9.65"]
[White "Ciornei, Dragos"]
[Black "Caille, Hugo"]
[Result "1/2-1/2"]
[WhiteElo "2136"]
[BlackElo "2255"]
[PlyCount "58"]
[EventDate "2015.08.21"]
[EventType "swiss"]
[EventRounds "10"]
[EventCountry "ESP"]
[SourceTitle "Ajedrez en Madrid"]
[Source "lmi"]
[SourceDate "2015.08.21"]

1. e4 e5 2. Nf3 Nc6 3. d4 exd4 4. Nxd4 Nf6 5. Nxc6 bxc6 6. e5 Qe7 7. Qe2 Nd5 8.
c4 Nb6 9. Nc3 Bb7 10. Bf4 Qe6 11. O-O-O a5 12. Qe4 Ba6 13. b3 a4 14. Bd3 axb3
15. axb3 Ba3+ 16. Kc2 Bb4 17. Ra1 g6 18. h4 Bxc3 19. Kxc3 Bb7 20. Rxa8+ Bxa8
21. f3 Kd8 22. h5 Re8 23. hxg6 hxg6 24. Qd4 Kc8 25. Rh7 Qe7 26. Kc2 Qe6 27. Kc3
Qe7 28. Kc2 Qe6 29. Kc3 Qe7 1/2-1/2

[Event "17. Open de Sants Hostafrancs 2015"]
[Site "Barcelona ESP"]
[Date "2015.08.29"]
[Round "9.66"]
[White "Salagran Ferragut, Guillem"]
[Black "Pedini, Dario"]
[Result "1-0"]
[WhiteElo "2051"]
[BlackElo "2249"]
[PlyCount "97"]
[EventDate "2015.08.21"]
[EventType "swiss"]
[EventRounds "10"]
[EventCountry "ESP"]
[SourceTitle "Ajedrez en Madrid"]
[Source "lmi"]
[SourceDate "2015.08.21"]

1. e4 d6 2. d4 Nd7 3. Nc3 c6 4. a4 Qc7 5. Nf3 Ngf6 6. Bc4 h6 7. O-O a5 8. Re1
e5 9. Ba2 Be7 10. h3 Nf8 11. Nh4 g6 12. Be3 Ne6 13. Nf3 Kf8 14. Qd2 Kg7 15.
Rad1 g5 16. d5 Nf4 17. Nxe5 dxe5 18. d6 Bxd6 19. Qxd6 Qxd6 20. Rxd6 Ne6 21.
Red1 Re8 22. f3 Re7 23. Nb1 Rd7 24. Na3 Rxd6 25. Rxd6 Kf8 26. Nc4 Nd7 27. Rd2
Ke7 28. Nd6 Ndc5 29. Nxf7 Nxa4 30. Nxh6 Nxb2 31. Ng8+ Kf8 32. Nf6 b5 33. Ng4 c5
34. Rd5 Na4 35. Rxe5 Nd4 36. Bd5 Ra6 37. Bxg5 Bxg4 38. hxg4 c4 39. f4 Nc3 40.
Be7+ Kg7 41. Rg5+ Rg6 42. Rxg6+ Kxg6 43. f5+ Kh7 44. f6 Nxd5 45. f7 Nxe7 46.
f8=Q Ndc6 47. g5 c3 48. Qf7+ Kh8 49. g6 1-0

[Event "17. Open de Sants Hostafrancs 2015"]
[Site "Barcelona ESP"]
[Date "2015.08.29"]
[Round "9.67"]
[White "Gonzalez Valero, Julio"]
[Black "Louis, Corentin"]
[Result "1/2-1/2"]
[WhiteElo "2246"]
[BlackElo "2039"]
[PlyCount "110"]
[EventDate "2015.08.21"]
[EventType "swiss"]
[EventRounds "10"]
[EventCountry "ESP"]
[SourceTitle "Ajedrez en Madrid"]
[Source "lmi"]
[SourceDate "2015.08.21"]

1. d4 Nf6 2. Bg5 Ne4 3. Bf4 e6 4. e3 d5 5. Bd3 Bd6 6. Bxe4 Bxf4 7. exf4 dxe4 8.
c3 Qd6 9. Ne2 O-O 10. Nd2 f5 11. f3 exf3 12. Nxf3 b6 13. O-O Ba6 14. Re1 Nd7
15. Qd2 Rad8 16. Rad1 Bb7 17. Qe3 Nf6 18. Nc1 Bd5 19. Ne5 Ng4 20. Nxg4 fxg4 21.
Nd3 Rf6 22. Ne5 Rdf8 23. Rf1 h5 24. b3 Bc6 25. c4 Be8 26. Rd2 Bg6 27. Nxg6 Rxg6
28. Qe5 Rf5 29. Qxd6 cxd6 30. g3 Rgf6 31. Re1 Kf7 32. d5 exd5 33. cxd5 g5 34.
fxg5 Rxg5 35. Rc1 Rff5 36. Rc7+ Kf6 37. Rxa7 Rxd5 38. Rf2+ Rgf5 39. Ra6 Rxf2
40. Kxf2 Rd2+ 41. Ke3 Rxh2 42. Rxb6 Ke5 43. Rb5+ d5 44. Rb8 Rxa2 45. Re8+ Kd6
46. Rh8 Rg2 47. Rxh5 Rxg3+ 48. Kd4 Rxb3 49. Rh6+ Ke7 50. Kxd5 Re3 51. Kd4 Re1
52. Rg6 Rg1 53. Ke4 Kf7 54. Rg5 Kf6 55. Rg8 Kf7 1/2-1/2